Preußische Provinzen Karten-Quiz - Statistiken

Allgemein
  • Dieses Quiz wurde 249 mal gespielt
  • Das Durchschnittsergebnis liegt bei 12 aus 14
Antworten auf der Karte
Die Antworten werden auf der Karte rot bzw. grün angezeigt, abhängig davon wie oft sie richtig erraten wurden.
 
Antwortstatistiken
Antwort % Korrekt
Brandenburg
90%
Ostpreußen
90%
Schleswig-Holstein
88%
Berlin
87%
Hannover
87%
Hessen-Nassau
85%
Pommern
85%
Schlesien
83%
Rheinland
81%
Sachsen
81%
Westfalen
80%
Hohenzollern
79%
Westpreußen
77%
Posen
74%
Keine übereinstimmenden Quizze gefunden
Verteilung der Resultate
Anzahl Personen mit jedem Resultat
Perzentil nach korrekt beantworteten Fragen
Ihre Resultats-Entwicklung
Sie haben dieses Quiz noch nicht gespielt